Ley del impuesto sobre la renta. (Record no. 4344)

MARC details
000 -CABECERA
campo de control de longitud fija 00869nam a2200229 a 4500
001 - NÚMERO DE CONTROL
campo de control BRCA_4641
005 - FECHA Y HORA DE LA ÚLTIMA TRANSACCIÓN
campo de control 20190320204739.0
008 - DATOS DE LONGITUD FIJA--INFORMACIÓN GENERAL
campo de control de longitud fija 290910s1954----mx-#######---#000-0#spa-#
041 ## - CÓDIGO DE LENGUA
Código de lengua del texto/banda sonora o título independiente spa
044 ## - CÓDIGO DEL PAÍS DE LA ENTIDAD EDITORA/PRODUCTORA
Código MARC del país mx
050 #4 - SIGNATURA TOPOGRÁFICA DE LA BIBLIOTECA DEL CONGRESO
Número de clasificación HJ4664
Número de documento/Ítem .L49 1954
245 10 - MENCIÓN DE TÍTULO
Título Ley del impuesto sobre la renta.
260 ## - PUBLICACIÓN, DISTRIBUCIÓN, ETC.
Lugar de publicación, distribución, etc. México
Nombre del editor, distribuidor, etc. Secretaría de Hacienda y Crédito Público : Dirección General del Impuesto Sobre la Renta
Fecha de publicación, distribución, etc. 1954
300 ## - DESCRIPCIÓN FÍSICA
Extensión 190 p.
Dimensiones 21 cm.
500 ## - NOTA GENERAL
Nota general Incluye índice analítico, índice de reformas y adiciones a la ley del impuesto sobre la renta
500 ## - NOTA GENERAL
Nota general CFG13
610 24 - PUNTO DE ACCESO ADICIONAL DE MATERIA--NOMBRE DE ENTIDAD CORPORATIVA
Nombre de entidad corporativa o nombre de jurisdicción como elemento de entrada Secretaría de Hacienda y Crédito Público
Unidad subordinada Dirección General del Impuesto Sobre la Renta
9 (RLIN) 11745
650 14 - PUNTO DE ACCESO ADICIONAL DE MATERIA--TÉRMINO DE MATERIA
Término de materia o nombre geográfico como elemento de entrada Impuesto sobre la renta
Subdivisión general Leyes y legislación
Subdivisión geográfica México
9 (RLIN) 11746
650 14 - PUNTO DE ACCESO ADICIONAL DE MATERIA--TÉRMINO DE MATERIA
Término de materia o nombre geográfico como elemento de entrada Ley del impuesto sobre la renta
Subdivisión geográfica México
9 (RLIN) 11747
902 ## - CATALOGADOR
Iniciales GFM
942 ## - ELEMENTOS DE PUNTO DE ACCESO ADICIONAL (KOHA)
Fuente del sistema de clasificación o colocación Library of Congress Classification
Tipo de ítem Koha Libros
Holdings
Estado de retiro Estado de pérdida Estado dañado No para préstamo Localización permanente Ubicación/localización actual Fecha de adquisición Número de inventario Total de préstamos Signatura topográfica completa Código de barras Fecha visto por última vez Precio válido a partir de Tipo de ítem Koha
El ejemplar forma parte de la colección y puede ser consultado según las políticas vigentes.       Biblioteca del Museo Franz Mayer (Rogerio Casas-Alatriste) Biblioteca del Museo Franz Mayer (Rogerio Casas-Alatriste) 29/09/2010 CFG13   HJ4664 .L49 1954 (CFG13) 4641 22/03/2019 22/03/2019 Libros